Poesía y poética /

Gardado en:
Detalles Bibliográficos
Autor Principal: Gorostiza, José (autor)
Formato: Libro
Idioma:Lingua castelá
Publicado: México : CONACULTA, 1988
Series:(Archivos ; 12)
Temas:
Etiquetas: Engadir etiqueta
Sen Etiquetas, Sexa o primeiro en etiquetar este rexistro!

MARC

LEADER 00000nam^a2200000^a^4500
001 000022175
005 20250521000000.0
009 20260310084445.922
020 |a 968-29-2373-5 
037 |a Acervo ITESO - Biblioteca 
041 |a ESP 
082 |a 861.  |b GOR 
100 |a Gorostiza, José  |e (autor) 
245 1 0 |a Poesía y poética /  |c J. Gorostiza. 
264 1 |a México :  |b CONACULTA,  |c 1988 
300 |a 379 p. 
336 |a texto  |b txt  |2 rdacontenido 
337 |a sin mediación  |b n  |2 rdamedio 
338 |a volumen  |b nc  |2 rdasoporte 
440 1 |a (Archivos ;  |v 12) 
545 0 |a José Gorostiza (Villahermosa, 1901 - México, 1973), poeta de la generación de Los Contemporáneo, ejerció el servicio público en el Departamento de Bellas Artes de la SEP y en la Secretaría de Relaciones Exteriores. Es autor de una obra breve, pero fundamental en la literatura moderna, con un poema cumbre de largo aliento, el famoso Muerte sin fin (1939). Escritor que bebió a la vez de la tradición vernácula, que de la métrica clásica, Muerte sin fin es por igual su legado estético, que una profunda reflexión filosófica sobre dos de los conceptos que más inquietan al hombre, la muerte por un lado y Dios en el otro. Sus otras obras son Canciones para cantar en las barcas (1925); Poesía (1964), que reúne el libro anterior, Muerte sin fin y otros poemas inéditos; y Prosa (1969). Tras su muerte aparecieron: Cauces de la poesía mexicana y otros textos (1988), edición dirigida por José Emilio Pacheco; y Suite en dolor de Luz Velderráin (1990), que contiene cinco sonetos del escritor tabasqueño. Miembro de la Academia Mexiana de la Lengua, recibió el Premio Nacional de Ciencias y Artes en 1968. 
649 |a XX 
650 |a Poesía Mexicana 
650 |a Contemporáneos (Literatura Mexicana) 
650 |a Literatura Mexicana -  |y Siglo XX 
650 |a Literatura Mexicana -  |x Historia y Crítica 
910 |a Fondo General 
920 |a Impresos - Libros 
930 |a Colección General 
940 |a Literatura 
905 |a 101 
901 |a 0221750100  |b IT1  |c LIT  |i 022175  |u 20250521 
902 |a https://opac.biblio.iteso.mx/vufind/Record/000022175